000
00241nam a22001217a 4500
082
_a
894.812
_b
NAY/E
100
_a
NAYANA,A,K,K
245
_a
EADIPASINTE WATERLOO
250
_a
FIRST
300
_a
142
650
_a
STORY
_z
KERALA
942
_c
BK
999
_c
1564
_d
1564